A vakáció jegyében a Katedrából kiderül, pihen-e a pedagógus nyáron

Podrobná bibliografia
Hlavný autor: (ervé) (Autor)
Médium: Článok
Jazyk:maďarčina
Fyzický popis:Fotogr.
Predmet:

MARC

LEADER 00000nab a2200000 a 4500
001 vtls000801158
003 SK-MaSNL
005 20260319074846.0
008 160405c2002 xo 0 hun
015 |a SNBRB2002/07-22864 
035 |a CLN000152813 
040 |a SNKBUCL  |b slo  |c SNKBUCL  |e AACR2 
041 0 |a hun 
044 |a xo  |c SK 
080 |a 37(05)(437.6=945.11)  |2 1997 
080 |a 05(437.6=945.11):37  |2 1997 
100 0 |a (ervé)  |4 aut  |9 840391 
245 1 0 |a A vakáció jegyében  |b a Katedrából kiderül, pihen-e a pedagógus nyáron  |c [szerző] (ervé) 
300 |b Fotogr. 
630 0 7 |a Katedra (časopis)  |y 2002  |x č. 10  |x prehľady  |2 snkbucl  |9 845003 
655 7 |a články z novín a časopisov  |2 snkbucl  |9 267496 
773 0 |t Új szó  |g Roč. 55, č. 146 (25.6.2002), s. 8 
850 |a Slovenská národná knižnica v Martine 
852 |a SNK  |b KIS3GCP 
958 |a HU 
958 |a SK 
958 |a RBX 
999 |c 1361972  |d 1363902